ბათუმის შოთა რუსთაველის სახელმწიფო უნივერსიტეტის ბიბლიოთეკა

ქართული ენის განმარტებითი ლექსიკონი.ერთტომეული.ნაკვ.მეორე. მ-ჰ. (ბიბ.ჩანაწერი № 44331)

000 -LEADER
fixed length control field 00979nam a2200193Ia 4500
001 - CONTROL NUMBER
control field 11090
003 - CONTROL NUMBER IDENTIFIER
control field GE_BSU
008 - FIXED-LENGTH DATA ELEMENTS--GENERAL INFORMATION
fixed length control field 181216s||||||||xx |||||||||||||| ||und||
040 ## - CATALOGING SOURCE
Transcribing agency GE_BSU
080 ## - UNIVERSAL DECIMAL CLASSIFICATION NUMBER
Universal Decimal Classification number 81'374.3=353.1
245 ## - TITLE STATEMENT
Title ქართული ენის განმარტებითი ლექსიკონი.ერთტომეული.ნაკვ.მეორე. მ-ჰ.
245 ## - TITLE STATEMENT
Statement of responsibility, etc. სარედ.კოლეგია:ირ.აბაშიძე, რ.მეტრეველი,არნ.ჩიქობავა და სხვ. მთ.რედ. არნ.ჩიქობავა. რედ.მ.ჭაბაშვილი.
260 ## - PUBLICATION, DISTRIBUTION, ETC.
Place of publication, distribution, etc. თბილისი.
260 ## - PUBLICATION, DISTRIBUTION, ETC.
Name of publisher, distributor, etc. გ.გ.
260 ## - PUBLICATION, DISTRIBUTION, ETC.
Date of publication, distribution, etc. 1990.
300 ## - PHYSICAL DESCRIPTION
Extent 1276გვ;21სმ.
653 ## - INDEX TERM--UNCONTROLLED
Uncontrolled term ქართული ენის განმარტებითი ლექსიკონი.ერთტომეული.ნაკვ.მეორე. მ-ჰ.
942 ## - ADDED ENTRY ELEMENTS (KOHA)
Koha item type წიგნი
ეგზემპლარები
Withdrawn status Lost status Damaged status Not for loan Date acquired Barcode Date last seen Price effective from Koha item type
        2018-12-17 19342 2018-12-17 2018-12-17 წიგნი
        2018-12-17 19343 2018-12-17 2018-12-17 წიგნი